Normal view
MARC view
Entry Personal Name
001 - CONTROL NUMBER
- control field: 3556
003 - CONTROL NUMBER IDENTIFIER
- control field: ARRUPE
005 - DATE AND TIME OF LATEST TRANSACTION
- control field: 20131119143406.0
008 - FIXED-LENGTH DATA ELEMENTS
- fixed length control field: 131119|| aca||aabn | a|a d
040 ## - CATALOGING SOURCE
- Original cataloging agency: ARRUPE
- Transcribing agency: ARRUPE
100 ## - HEADING--PERSONAL NAME
- Personal name: Harper, J. W.
670 ## - SOURCE DATA FOUND
- Source citation: Work cat.: (ARRUPE)0: Browning, Robert, 1812-1889. 3555, Men and women, and other poems /, 1975.